[Event "EYCC Open U20 2021"]
[Site "Tornelo"]
[Date "2021.10.15"]
[Round "5.4"]
[White "Garayev, Kanan"]
[Black "Ibrahimli, Murad"]
[Result "0-1"]
[WhiteElo "2339"]
[BlackElo "2435"]
[Annotator "TA"]
[PlyCount "66"]
[EventDate "2021.10.15"]
[EventType "swiss"]
[EventCountry "NET"]
[SourceTitle "playchess.com"]
[Source "ChessBase"]
[SourceQuality "1"]

{[%evp 15,66,8,11,9,66,69,70,-19,-15,-8,-9,-12,-13,-199,-198,-172,-173,-409,-420,-393,-322,-322,-317,-334,-343,-413,-346,-310,-321,-319,-310,-359,-319,-335,-337,-349,-344,-361,-343,-338,-285,-471,-471,-471,-471,-558,-558,-584,-589,-567,-574,-806,-804]} 1. d4 Nf6 2. c4 g6 3. Nc3 Bg7 4. g3 d5 5. cxd5 Nxd5 6. Bg2 Nxc3 7. bxc3 c5 8. Nf3 Nc6 {[%cal Rc5d4]} 9. Rb1 {[#] 9.0-0 is the modern continuation. D71: Fianchetto Grünfeld: 3 g3 d5 sidelines and 5 cxd5 (without Nf3).} Bf5 $146 ({Black should play} 9... O-O $11) ({Predecessor:} 9... O-O 10. O-O cxd4 11. cxd4 Nxd4 12. Nxd4 Qxd4 13. Qxd4 Bxd4 14. Bh6 Rd8 15. Bxb7 Rb8 16. Bxc8 Rdxc8 17. Rxb8 Rxb8 18. Rd1 Bc5 19. Rd7 a5 20. Rc7 Bd6 {½-½ (31) Stephan,J (2546)-Giuliani,S (2630) ICCF email 2009}) 10. Rxb7 $14 Be4 {[%cal Rc6d4]} 11. Nh4 (11. O-O $1 $14) 11... Bxg2 $1 $11 12. Nxg2 cxd4 13. Qa4 Rc8 {With the idea ...0-0.} 14. Ba3 $2 {White does not recover from this.} (14. O-O $11) 14... O-O $19 ({Not} 14... dxc3 $2 15. Rxe7+ Qxe7 16. Bxe7 $18) 15. cxd4 Nxd4 16. Ne3 {[#]} (16. O-O {is a better defense.} Nxe2+ 17. Kh1) 16... Nc2+ $1 {[%mdl 512]} 17. Nxc2 {Ne3 is the strong threat.} Qd5 {( -> ...Bc3+)} 18. O-O Qxb7 19. Ne3 Rfd8 20. Qb4 Qxb4 21. Bxb4 e6 22. Kg2 h5 23. h4 Bd4 24. Kf3 Bxe3 25. Kxe3 {[%mdl 4096] Endgame KRR-KRB} Rc2 26. a3 Rd5 {White must now prevent ...a5.} 27. Rb1 a5 28. Be7 (28. Be1) 28... Kg7 {Black is clearly winning.} 29. Rb8 Re5+ 30. Kd3 Rexe2 31. Bg5 Rxf2 32. Be3 {[#]} Rf3 {[%mdl 512]} 33. Rb3 {[#]} (33. Ke4 Rxg3) 33... a4 $1 {[%mdl 512] Weighted Error Value: White=0.64/Black=0.12} 0-1

[Event "EYCC Open U20 2021"]
[Site "Tornelo"]
[Date "2021.10.15"]
[Round "5.5"]
[White "Sokolovsky, Yahli"]
[Black "Leisch, Lukas"]
[Result "1/2-1/2"]
[WhiteElo "2422"]
[BlackElo "2406"]
[Annotator "TA"]
[PlyCount "101"]
[EventDate "2021.10.15"]
[EventType "swiss"]
[EventCountry "NET"]
[SourceTitle "playchess.com"]
[Source "ChessBase"]
[SourceQuality "1"]

{[%evp 25,101,41,43,41,62,52,62,62,58,63,64,38,116,111,102,31,25,-23,133,140,97,83,87,-78,-64,-84,-10,-22,-11,-104,-104,-186,-128,-85,-35,-184,-202,-193,-193,-233,-221,-219,-162,-257,-246,-219,-135,-214,-117,-285,-27,-186,-160,-222,247,-315,-316,-267,-172,-181,0,-370,-347,-374,-89,-1169,-122,-232,-202,-362,0,0,0,-350,0,0,0,-297]} 1. e4 c5 2. Nf3 d6 3. d4 cxd4 4. Nxd4 Nf6 5. Nc3 g6 6. Be3 Bg7 7. f3 O-O 8. Qd2 Nc6 9. O-O-O d5 10. exd5 Nxd5 11. Nxc6 bxc6 12. Bd4 e5 13. Bc5 Re8 14. Ne4 {B76: Sicilian Dragon: Yugoslav Attack, 9 g4 and 9 0-0-0.} Qc7 {14...Be6 is vanishing.} 15. h4 f5 16. Nd6 {White is slightly better.} Rd8 17. Nxc8 Raxc8 18. Bc4 h5 $1 19. g4 $1 Kh7 20. Qf2 (20. Qe1 $16) 20... Qf7 $1 $14 21. gxf5 {[#]} gxf5 $146 ({Black should try} 21... Qxf5 $11 22. Kb1 Qf6) ({Predecessor:} 21... Bh6+ 22. Kb1 Nc3+ 23. bxc3 Qxc4 24. fxg6+ Kg8 25. Rxd8+ Rxd8 26. Bb4 Rb8 27. Qxa7 Rxb4+ 28. cxb4 Qxb4+ 29. Ka1 Qc3+ 30. Kb1 Qb4+ {½-½ (30) Ter Sahakyan,S (2624)-Sebenik,M (2492) Reykjavik 2021}) 22. Bb3 $16 (22. Bxa7 Bh6+ 23. Kb1 Ra8 $11) 22... a5 23. Rhg1 Rb8 24. a4 $2 (24. Qe1 $16) 24... Bh6+ $17 25. Rg5 Qf6 (25... Bxg5+ $17 26. hxg5 Qg6) 26. Rdg1 $1 $11 Nf4 $36 {[%mdl 2048] Black is pushing.} 27. Ba3 (27. Bb6 Rd7 $17) (27. Kb1 $11) 27... Rd7 28. Qf1 {[#]} (28. Bg8+ $2 Rxg8 $1 {[%mdl 512]} 29. Kb1 Bxg5 $19) (28. Qe3 $17) 28... Rbd8 (28... Rxb3 $1 $19 {[%mdl 512]} 29. cxb3 Qf7) 29. c3 $17 Ne6 {[%mdl 64] Pin} 30. Kb1 Nxg5 $19 31. hxg5 Bxg5 32. Qh3 Kh6 33. Bc2 Rf7 34. b3 (34. Bb3 {was called for.}) 34... Be3 35. Re1 Bd2 36. Rd1 (36. Rh1 $17 {is a better defense.} h4 37. c4) 36... Qg5 (36... Rg7 $19 37. Qxf5 Qxf5 38. Bxf5 Kg5) 37. Qh1 $2 (37. Bc5 $17) 37... Qe3 $2 (37... Bxc3 38. Rg1 $17) (37... Bf4 $19 {White must now prevent ...Rxd1+.} 38. Rg1 Qf6) 38. Qg2 $2 {[#]} (38. Bc1 $11) 38... Rg7 $1 {[%cal Rg7g2]} (38... Qxc3 39. Rg1 Kh7 40. Qg6+ Kh8 41. Qxf7 Qxc2+ 42. Kxc2 Bh6 43. Qf6+ Kh7 44. Qg6+ Kh8 45. Qxh6#) 39. Qh2 (39. Qh3 $17 Qf4 40. Qxf5 Qxf5 41. Bxf5) 39... Rdd7 $4 {[%mdl 8192]} (39... Qxc3 $19 {avoids the disaster.} 40. Qe2 Bg5 41. Rxd8 Bxd8) 40. Rh1 $4 {[%mdl 8192] [#]} (40. Bf8 $18 {is the narrow road to win.}) 40... Rg5 $1 (40... Qxf3 41. Bd1 $11) 41. Rd1 Rd5 42. c4 Rd3 43. Ka2 $2 {[%mdl 8192]} (43. Be7 $11 Rg8 44. Ka2) 43... Rd4 {And now ...Bc3 would win.} 44. Bc5 Qc3 (44... Bc3 $19 {Hoping for ...Rxd1.} 45. Bxd4 Bxd4) 45. Kb1 $2 {[%mdl 8192]} (45. Bxd4 $17 Qxc2+ {[%mdl 64] Double Attack} 46. Bb2 Qxd1 47. Qxe5) 45... Rd7 $2 (45... Be3 $19 {is more deadly. ( -> ...Rxd1+)} 46. Bxd4 Bxd4) 46. Qf2 (46. Qe2 $17) 46... Kg6 47. Qe2 $2 (47. Bb6 Kg7 48. Qe2) 47... Rg3 48. Qh2 Rg5 {Strongly threatening ...Bf4.} (48... Qxf3 $6 49. Rxd2 Rxd2 50. Qxd2 $14) ({Avoid the trap} 48... Rxf3 $2 49. Rg1+ Bg5 50. Qg2 $18) 49. Qe2 $1 Rg3 50. Qh2 Rg5 ({Of course not} 50... Qxf3 $6 51. Rxd2 Rxd2 52. Qxd2 $14) ({But not} 50... Rxf3 $2 51. Rg1+ Bg5 52. Qg2 $18) 51. Qe2 $1 {[%mdl 32768] Weighted Error Value: White=0.73/Black=0.86. An unexpected result.} 1/2-1/2

[Event "EYCC Open U20 2021"]
[Site "Tornelo"]
[Date "2021.10.15"]
[Round "5.6"]
[White "Koelle, Tobias"]
[Black "Bruaset, Eivind"]
[Result "0-1"]
[WhiteElo "2393"]
[BlackElo "2200"]
[Annotator "TA"]
[PlyCount "110"]
[EventDate "2021.10.15"]
[EventType "swiss"]
[EventCountry "NET"]
[SourceTitle "playchess.com"]
[Source "ChessBase"]
[SourceQuality "1"]

{[%evp 9,110,18,17,-6,-5,0,-2,-8,0,-14,15,18,22,2,10,10,17,11,9,-12,0,0,0,0,3,0,0,-6,0,0,2,0,2,0,2,4,6,4,6,6,8,5,3,0,0,0,46,0,0,0,0,0,0,-8,-12,-49,-17,-954,-445,-1098,-628,-1440,-1436,-1339,-1249,-29938,-4810,-29939,-12834,-1305,-29942,-12820,-11766,-5616,-5065,-5072,-5069,-1008,-852,-29982,-29983,-29983,-29984,-29984,-29985,-29985,-29986,-29985,-29984,-29987,-29988,-29991,-29992,-29992,-29993,-29994,-29995,-29995,-29996,-29997,-29998,-29998,-29999]} 1. d4 Nf6 2. c4 e6 3. Nf3 d5 4. Nc3 dxc4 5. e4 Bb4 6. Bxc4 {D24: Queen's Gambit Accepted: 3 Nf3 Nf6 4 Nc3.} Nxe4 7. O-O Nxc3 8. bxc3 {The position is equal.} Be7 9. Ne5 O-O 10. Qg4 Nc6 11. Bf4 (11. Rb1 {with more complications.} f5 12. Nxc6 fxg4 13. Nxd8 Rxd8 14. Be2) 11... Nxe5 12. dxe5 f5 13. exf6 $1 Bxf6 14. Bxe6+ Bxe6 15. Qxe6+ Kh8 16. Rad1 Qe8 {[#]} 17. Qc4 $146 ({Predecessor:} 17. Qb3 Qc6 {½-½ (17) Banikas,H (2626)-Colovic,A (2435) Rethymno 2012}) 17... Qf7 18. Qxc7 Qxc7 19. Bxc7 Bxc3 20. Rd7 Kg8 21. Rc1 Bf6 22. Bf4 Bb2 {[#]} 23. Rc2 Rxf4 24. Rxb2 $11 {[%mdl 4096] Endgame KRR-KRR} b6 25. Rc2 (25. g3 {feels hotter.} Rf7 26. Rd5 Raf8 27. Rc2 Rf5 28. Rd4) 25... Rf7 26. Rxf7 (26. Rd5 {keeps more tension.} Re8 27. f3 g6 28. h4 Ree7 29. Kf2) 26... Kxf7 {KR-KR} 27. Rc7+ Kf6 28. g4 b5 {[%cal Bb6b5,Bb5b4,Bb4b3,Bb3b2][%mdl 32]} 29. Kg2 a5 30. Rb7 b4 31. Rb5 Ke6 {Black wants to play ...Kd7.} 32. Rb7 Kd6 33. Rxg7 $2 {[%mdl 8192] [#] This move loses the game for White.} (33. f4 $11) 33... a4 $1 $19 {aiming for ...b3.} 34. Rb7 (34. Rxh7 $142 b3 35. axb3 (35. Rh6+ $2 Kd5 $19)) 34... b3 $1 {[%cal Rb3a2]} 35. a3 {intending f4.} Kc6 36. Rb4 Ra6 37. f4 Rb6 38. Rc4+ Kd5 39. Rc1 b2 40. Rb1 Kd4 41. f5 Kc3 42. h4 Kc2 43. Rf1 Rd6 {Strongly threatening ...Rd1.} 44. Kf3 Rd1 {Black mates.} 45. Rf2+ Kb3 46. Rxb2+ Kxb2 47. g5 Kxa3 {KR-K3P} 48. h5 Rg1 49. Kf4 Kb3 50. h6 a3 51. g6 a2 52. Ke5 a1=Q+ 53. Ke6 Re1+ 54. Kf7 Qa7+ 55. Kf8 Rc1 {[%cal Rc1c8] Weighted Error Value: White=0.70/Black=0.22} 0-1

[Event "EYCC Open U20 2021"]
[Site "Tornelo"]
[Date "2021.10.15"]
[Round "5.7"]
[White "Tryggestad, Andreas Garberg"]
[Black "Kirilmaz, Emre"]
[Result "1/2-1/2"]
[WhiteElo "2268"]
[BlackElo "2147"]
[Annotator "TA"]
[PlyCount "73"]
[EventDate "2021.10.15"]
[EventType "swiss"]
[EventCountry "NET"]
[SourceTitle "playchess.com"]
[Source "ChessBase"]
[SourceQuality "1"]

{[%evp 19,73,39,55,53,54,2,3,5,15,-14,-21,-42,-40,-28,-27,-20,-16,-16,-8,-12,0,-19,-14,-18,-2,-8,-11,-8,0,0,0,0,0,0,0,-6,0,0,0,0,0,0,0,0,0,0,0,0,0,0,2,0,-2,-4,0,0]} 1. e4 e6 2. d4 d5 3. Nd2 dxe4 4. Nxe4 Bd7 5. Nf3 Bc6 6. Bd3 Nd7 7. O-O Ngf6 8. Qe2 Be7 9. Ng3 Bxf3 {9...Bxf3 is better than 9...0-0.} 10. Qxf3 c6 11. b3 {was the old line (11.c3). C10: French with 3 Nc3: Unusual Black 3rd moves and 3...dxe4.} Qa5 12. Bb2 ({Better is} 12. a3 $14) 12... Ba3 $11 13. Bxa3 Qxa3 {[#]} 14. Ne2 $146 ({Predecessor:} 14. Rfe1 O-O 15. Rad1 Rfd8 16. h3 Nf8 17. Re5 Qxa2 18. Rg5 h6 19. Re5 Qa3 20. Ne4 Nxe4 21. Rxe4 {0-1 (31) Ong,K (2478)-Barkhagen,J (2538) Sweden 2005}) 14... O-O 15. b4 Qxb4 16. Rfb1 Qd6 17. Rxb7 Rfb8 {The position is equal.} 18. Rab1 Rxb7 19. Rxb7 Rb8 20. Rxb8+ Qxb8 21. g3 c5 22. Qc6 cxd4 23. Nxd4 Qb1+ 24. Bf1 Qxa2 25. Qa8+ Nf8 26. Nc6 {[#] White wants to mate with Ne7+.} g6 27. Qxa7 Qxa7 28. Nxa7 {[%mdl 4096] Endgame KBN-KNN} N8d7 29. Nc6 Nc5 30. Bg2 Kf8 31. Kf1 Ke8 32. Ke2 Kd7 33. Ne5+ Ke7 34. Ke3 Nfd7 35. Nf3 e5 36. Nd2 Nb6 37. f4 {Weighted Error Value: White=0.08/Black=0.02} 1/2-1/2

[Event "EYCC Open U20 2021"]
[Site "Tornelo"]
[Date "2021.10.15"]
[Round "5.8"]
[White "Stoleriu, George"]
[Black "Pliukha, Myhajlo"]
[Result "1/2-1/2"]
[WhiteElo "2373"]
[BlackElo "2217"]
[Annotator "TA"]
[PlyCount "89"]
[EventDate "2021.10.15"]
[EventType "swiss"]
[EventCountry "NET"]
[SourceTitle "playchess.com"]
[Source "ChessBase"]
[SourceQuality "1"]

{[%evp 9,89,-11,-9,-19,9,-21,-10,-31,-23,-27,-23,-32,-31,-67,-62,-76,-23,-33,-17,-4,-4,-4,-6,-5,-7,-12,-7,-6,-6,-30,-37,-37,-37,-151,-147,-141,-114,-141,-141,-175,-143,-148,-135,-138,-95,-75,-82,-96,-92,-95,-129,-126,-115,-127,-131,-133,-125,-105,-41,-47,-39,-58,-13,-20,-12,-18,-8,-8,-11,-6,0,0,0,0,0,0,0,0,0,0,0,0]} 1. f4 d5 2. Nf3 h6 3. d3 {[#]} Bg4 $146 ({Predecessor:} 3... Bf5 4. h3 e6 5. g4 Bh7 6. Bg2 c6 7. e3 Bd6 8. Qe2 Qc7 9. b3 Ne7 10. Bb2 {1-0 (48) Bocharov,I (2472)-Chigvintsev,A (2311) Novosibirsk 2015}) 4. e4 dxe4 5. dxe4 Qxd1+ 6. Kxd1 {A03: Bird's Opening with 1...d5.} Nc6 7. c3 Nf6 8. Nbd2 g5 9. f5 O-O-O {Strongly threatening ...Nxe4.} 10. Kc2 e6 11. fxe6 Bxe6 12. Bb5 g4 (12... Ng4 $17) 13. Nh4 $11 Be7 14. Nf5 Bxf5 15. exf5 Rd5 $36 {[%mdl 2048] Black has good play.} 16. Bxc6 bxc6 17. Nc4 Rxf5 18. Be3 Nd5 19. Raf1 (19. Bd4 {is interesting.} Re8 20. Raf1 Rxf1 21. Rxf1 c5 22. Bg7) 19... Nxe3+ 20. Nxe3 Re5 21. Re1 {[#]} (21. Nf5 $15) 21... Bh4 $1 $17 {[%cal Rh4f2] And now ...Bf2 would win.} 22. g3 {[#]} Rhe8 $1 23. Ng2 {Threatens to win with Rxe5.} Bg5 24. Kb3 Rxe1 25. Nxe1 $19 {[%mdl 4096] Endgame KRB-KRN} Re2 26. Nd3 Be7 27. Nf4 Re3 28. Ng2 Rf3 29. Re1 Bg5 30. Re2 h5 31. Re8+ Kd7 32. Rh8 Rf2 33. Rxh5 {[#]} Bc1 ({Weaker is} 33... Rxg2 34. Rxg5 Rxh2 35. Rxg4 $14) ({Black should play} 33... Bd2 $1 $17 34. Nf4 Bxf4 35. gxf4 Rxf4) 34. Ne1 $15 {[%cal Re1d3] Black should prevent Nd3.} Rxb2+ 35. Kc4 Rxa2 {Threatening ...Be3.} 36. Nd3 {The position is equal.} Be3 {Black wants to play ...Bg1.} 37. Ne5+ Ke6 38. Nxg4 Ra4+ 39. Kd3 Rxg4 (39... Bb6 {seems wilder.} 40. Rh6+ Ke7 41. Ne5 c5 42. Nc4 Ra2) 40. Kxe3 $11 {KR-KR} Ra4 41. Rc5 Kd6 42. Rf5 Ke6 43. Rc5 Kd6 44. Rf5 Ke6 45. Rc5 {Whites escaped into a draw.  Weighted Error Value: White=0.11/Black=0.08} 1/2-1/2

[Event "EYCC Open U20 2021"]
[Site "Tornelo"]
[Date "2021.10.15"]
[Round "5.9"]
[White "Melaugh, Shane"]
[Black "Kalogridis, Antonios"]
[Result "1-0"]
[WhiteElo "2175"]
[BlackElo "2275"]
[Annotator "TA"]
[PlyCount "107"]
[EventDate "2021.10.15"]
[EventType "swiss"]
[EventCountry "NET"]
[SourceTitle "playchess.com"]
[Source "ChessBase"]
[SourceQuality "1"]

{[%evp 18,107,5,9,13,9,11,-18,0,-45,-38,-43,-50,-51,-47,-82,-82,-76,-60,-57,-60,-54,-60,-61,-29,-37,-32,-78,-68,-72,-54,-92,0,0,2,0,0,-17,-16,-18,-18,-25,0,0,0,-24,-7,-85,-20,-111,0,-5,0,0,0,-21,0,-31,-37,-137,74,96,295,257,283,269,336,329,358,349,331,253,321,337,510,506,444,474,1043,337,845,828,866,858,5927,1799,29996,29995,29996,29997,29997,29998]} 1. c4 Nf6 2. Nc3 c5 3. e4 Nc6 4. Nf3 e6 5. d4 cxd4 6. Nxd4 Bb4 7. Nxc6 bxc6 8. Bd3 e5 9. O-O O-O 10. Be3 {10.h3 is setting a new trend.} d6 {B44: Sicilian: Taimanov: 5 Nb5.} 11. h3 Nd7 12. Qa4 Bxc3 {[#] The position is equal.} 13. Qxc6 $146 ({Predecessor:} 13. bxc3 Qc7 14. Rfd1 c5 15. Rd2 Nb6 16. Qd1 Be6 17. Qe2 Qc6 18. f4 exf4 19. Bxf4 {1-0 (71) Rudolf,A (2210)-Schmidt,J (2290) Kishinev 2005}) 13... Bxb2 {White must now prevent ...Rb8.} 14. Qxa8 {aiming for Rab1.} Bxa1 15. Rxa1 Nc5 {...Qc7 is the strong threat.} 16. Be2 Qc7 $1 17. Qd5 Bb7 18. Qd2 Bxe4 19. Rd1 Rd8 20. Qb4 Rb8 21. Qd2 Rb6 22. Qa5 f6 23. Kh2 h6 24. Bf1 Qc6 ({Better is} 24... f5 $17) 25. Qxa7 $11 Kh7 26. Qa5 Ra6 27. Qd2 Bg6 28. Qd5 Qc7 29. Kg1 Be4 30. Qd2 f5 31. f3 Ba8 32. Bd3 (32. a4 $11 {remains equal.}) 32... e4 (32... Nxd3 $17 33. Qxd3 e4 34. fxe4 Bxe4) 33. fxe4 (33. Bb1 $1 $11) 33... Nxe4 (33... Nxd3 $17 34. Qxd3 Bxe4) 34. Qc2 Ra3 35. Bd4 Qa5 36. Ra1 Qd8 37. Rf1 Qg5 38. Rf3 (38. Re1 $15) 38... Kg8 $2 (38... Nd2 $1 $17 {[%cal Rd2f3] stays on course.} 39. Rf2 (39. Bxf5+ $2 Kh8 $19) 39... Nf3+ 40. Rxf3 Bxf3 41. Bxf5+ Kg8) 39. Qb2 $16 Rxd3 {A mistake that costs the game.} 40. Rxd3 $18 {Threatens to win with Ra3.} Bc6 41. a4 Bxa4 {[#]} 42. Ra3 $1 {[%cal Ra3a4]} Be8 {[#]} 43. Ra8 $1 {[%cal Ra8e8]} Kf8 {[#]} 44. Bxg7+ $1 {[%mdl 512]} Ke7 {intending ...Qe3+.} (44... Kf7 45. Bd4) 45. Bd4 Bc6 (45... Qd2 {was called for.} 46. Qxd2 Nxd2) 46. Ra7+ Ke6 47. Rg7 Qh4 (47... Qd2 $142 48. Rg6+ Ke7 49. Qxd2 Nxd2) 48. Bf2 $2 (48. Qb6 Nc5 49. Rg6+ Kd7 50. Bf6 Qe1+ 51. Kh2) 48... Qh5 $2 (48... Qf6 49. Bd4 Qd8) 49. Qd4 Ng5 50. c5 {[%csl Gc5][%cal Rd4d6]} Bd5 51. cxd6 (51. Bg3 $142 Nf7 52. cxd6) 51... Kxd6 52. Bg3+ {White mates.} Kc6 53. Rc7+ Kb5 54. Qxd5+ {[%mdl 64] Double Attack.  Weighted Error Value: White=0.29/Black=0.55} 1-0

[Event "EYCC Open U20 2021"]
[Site "Tornelo"]
[Date "2021.10.15"]
[Round "5.11"]
[White "Nordquelle, Daniel"]
[Black "Crevatin, Leo"]
[Result "0-1"]
[WhiteElo "2143"]
[BlackElo "2275"]
[Annotator "TA"]
[PlyCount "70"]
[EventDate "2021.10.15"]
[EventType "swiss"]
[EventCountry "NET"]
[SourceTitle "playchess.com"]
[Source "ChessBase"]
[SourceQuality "1"]

{[%evp 9,69,0,0,-4,3,0,8,10,6,0,-1,-34,-37,-31,-29,-52,-46,-48,-61,-48,-26,-64,-50,-52,-64,-72,-66,-67,-62,-75,-96,-174,-168,-173,-166,-646,-671,-628,-593,-522,-358,-342,-279,-267,-229,-229,-161,-694,-687,-666,-659,-1320,-1313,-29981,-29978,-29995,-29996,-29996,-29997,-29997,-29997,-29999]} 1. e4 c6 2. d4 d5 3. e5 c5 4. dxc5 e6 5. a3 Bxc5 6. b4 {B12: Caro-Kann: Advance Variation.} Be7 7. Qg4 g6 8. Nf3 {The position is equal.} a5 9. b5 Nd7 10. Bb2 h5 {[#]} 11. Qf4 $146 ({Predecessor:} 11. Qd4 Nh6 12. Bd3 Nc5 13. O-O b6 14. Nbd2 a4 15. c4 Nxd3 16. Qxd3 Bb7 17. Nd4 dxc4 18. Nxc4 {1-0 (26) Nowicki,B (2349)-Rudolf,M (2342) Jastrzebia Gora 2019}) 11... Nh6 12. Nbd2 g5 13. Qe3 Nf5 14. Qe2 Nc5 $36 {[%mdl 2048] White must now prevent ...Na4. Black has good play.} 15. Nd4 Na4 16. Nxf5 exf5 17. Bd4 Be6 18. Nb3 b6 19. f4 gxf4 {Black converts the advantage convincingly.} 20. Qf2 (20. Qf3 $17 {keeps fighting.}) 20... Rg8 $19 {And now ...Bh4 would win.} 21. Qxf4 Rc8 22. Be3 $2 {[#]} (22. Bd3) 22... Bg5 $1 23. Qd4 Bxe3 24. Qxe3 Rg4 {Hoping for ...Re4.} 25. Bd3 Rxg2 {Strongly threatening ...Qh4+.} 26. Kf1 Rg4 27. Rg1 d4 28. Qh6 (28. Qf2) 28... Qh4 {( -> ...Rxc2!)} 29. Rxg4 Qxg4 30. Nd2 Nc3 31. Kf2 Ne4+ {Black mates.} 32. Ke1 Qg1+ 33. Nf1 Qf2+ 34. Kd1 {[#]} Rxc2 $3 {[%cal Re4c3][%mdl 512]} 35. Rc1 (35. Qh8+ Kd7) 35... Nc3# {Weighted Error Value: White=0.84/Black=0.12} 0-1

[Event "EYCC Open U20 2021"]
[Site "Tornelo"]
[Date "2021.10.15"]
[Round "6.1"]
[White "Murzin, Volodar"]
[Black "Dudin, Gleb"]
[Result "1/2-1/2"]
[WhiteElo "2513"]
[BlackElo "2438"]
[Annotator "TA"]
[PlyCount "77"]
[EventDate "2021.10.15"]
[EventType "swiss"]
[EventCountry "NET"]
[SourceTitle "playchess.com"]
[Source "ChessBase"]
[SourceQuality "1"]

{[%evp 22,77,30,18,18,18,17,14,5,14,26,16,14,0,0,3,8,0,1,7,0,-15,12,0,0,0,0,0,0,-6,-7,-14,-12,-12,-7,-14,-14,-21,-32,-22,7,11,34,31,56,43,57,66,66,0,0,0,0,0,0,0,0,0]} 1. e4 c5 2. Nf3 e6 3. d4 cxd4 4. Nxd4 Nf6 5. Nc3 Nc6 6. Ndb5 d6 7. Bf4 e5 8. Bg5 a6 9. Na3 b5 10. Nd5 Be7 11. Bxf6 {11.c3 is the fancy move.} Bxf6 12. c4 b4 {B33: Sicilian: Pelikan and Sveshnikov Variations.} 13. Nc2 O-O 14. Be2 a5 15. O-O Rb8 16. Qd3 g6 17. Rad1 Bg7 18. b3 Be6 {[#]} 19. Nde3 $146 ({Predecessor:} 19. Bf3 Qd7 20. Qe2 Rfd8 21. Nde3 Qa7 22. Rd3 Rd7 23. Rfd1 Rbd8 24. Bg4 Bxg4 25. Qxg4 Ne7 26. R1d2 {1-0 (51) Vaibhav,S (2326)-Preethi,R (2092) New Delhi 2010}) 19... Qb6 20. Bg4 ({Wrong is} 20. Qxd6 $2 Rfd8 $19) 20... Rbd8 21. Qe2 h5 22. Bf3 a4 23. Rd3 Qc5 24. Nd5 Ra8 25. Nc7 axb3 26. axb3 Ra2 {Hoping for ...Bxc4!} 27. Qd1 Nd4 28. Nxd4 exd4 29. Nb5 Rfa8 30. Nxd4 Bxd4 31. Rxd4 R8a3 {Threatening ...Ra1!} 32. Rxd6 Rb2 33. Rd3 Raa2 {[%cal Rb2f2]} 34. Qe1 $1 Kg7 35. h3 ({White should play} 35. Re3 $14) 35... Ra3 $1 $11 {The position is equal.} 36. Qd1 Raa2 {[%cal Rb2f2]} 37. Qe1 Ra3 $1 38. Qd1 Raa2 {[%cal Rb2f2]} 39. Qe1 {Weighted Error Value: White=0.07/Black=0.04} 1/2-1/2

[Event "EYCC Open U20 2021"]
[Site "Tornelo"]
[Date "2021.10.15"]
[Round "6.2"]
[White "Ibrahimli, Murad"]
[Black "Salemgareev, Tagir"]
[Result "0-1"]
[WhiteElo "2435"]
[BlackElo "2489"]
[Annotator "TA"]
[PlyCount "74"]
[EventDate "2021.10.15"]
[EventType "swiss"]
[EventCountry "NET"]
[SourceTitle "playchess.com"]
[Source "ChessBase"]
[SourceQuality "1"]

{[%evp 17,74,0,4,0,7,0,1,10,24,7,10,0,0,6,13,-10,10,4,7,0,0,0,0,0,0,0,0,0,0,0,-66,-261,-252,-236,-239,-262,-238,-259,-242,-252,-220,-331,-328,-383,-348,-643,-356,-493,-466,-551,-559,-29994,-29995,-29996,-29997,-29997,-29998,-29998,-29999]} 1. d4 Nf6 2. c4 e6 3. Nc3 Bb4 4. e3 O-O 5. Bd3 d5 6. a3 Bxc3+ 7. bxc3 dxc4 8. Bxc4 c5 9. Nf3 Qc7 10. Ba2 {E53: Nimzo-Indian: Rubinstein: Main Line (4...0-0 5 Nf3 d5 6 Bd3 c5 7 0-0).} b6 11. O-O Rd8 12. Re1 {The position is equal.} Nc6 13. Bb2 Ba6 14. Rc1 Na5 {[#]} 15. Nd2 $146 ({Predecessor:} 15. c4 cxd4 16. Bxd4 Nd7 17. Qc2 e5 18. Ba1 Rac8 19. Ng5 Nf8 20. c5 Rd7 21. Qf5 {1-0 (48) Hajiyeva,L (1982)-Urh,Z (2156) Tornelo INT 2020}) 15... Rac8 16. g3 cxd4 17. cxd4 Qd7 18. Rxc8 Rxc8 19. e4 Qb5 20. Ba1 (20. Qb1 $11) 20... Qd3 $15 21. d5 Qxa3 22. Bxf6 gxf6 23. Qg4+ Kf8 {[#] Hoping for ...Rc1.} 24. Bb1 $2 {White does not recover from this.} (24. e5 $15 Rc1 25. Rxc1 Qxc1+ {[%mdl 64] Double Attack} 26. Kg2 fxe5 27. Qb4+ Qc5 28. Qh4) 24... Rc1 $19 25. Rd1 Qb2 {aiming for ...Qxd2.} 26. Kg2 Rxd1 27. Qxd1 Nc4 28. Nxc4 Bxc4 29. d6 (29. dxe6 $142 Bxe6 30. Bd3) 29... Qe2 30. Qc1 Ke8 31. e5 $2 {[#]} (31. h3) 31... fxe5 32. Bxh7 Kd7 33. h4 a5 34. Qg5 {If only White now had time for Qe7+....} Bd5+ {Black mates.} 35. Kh3 Qf1+ 36. Kg4 Qd1+ 37. Kh3 Qh1+ {Weighted Error Value: White=0.53/Black=0.12} 0-1